[Event "EU-ch Online U2300 Qual"]
[Site "Chess.com INT"]
[Date "2020.05.25"]
[Round "1"]
[White "Tymoshenko, Ihor"]
[Black "Uvarov, Andrey"]
[Result "0-1"]
[WhiteElo "2306"]
[BlackElo "1788"]
[PlyCount "60"]
[EventDate "2020.05.25"]
[EventType "swiss"]
[EventRounds "8"]
[EventCountry "NET"]
[SourceTitle "EXT 2021"]
[Source "ChessBase"]
[SourceDate "2020.10.23"]
[SourceVersion "1"]
[SourceVersionDate "2020.10.23"]
[SourceQuality "1"]

1. d4 c6 2. c4 d6 3. Nc3 Nd7 4. e4 h6 5. f4 g5 6. Be2 Bg7 7. Nf3 Nf8 8. fxg5 hxg5 9. Bxg5 Ne6 10. Be3 Nf6 11. h3 Qb6 12. Qd2 Ng4 13. Bg1 Bd7 14. 0-0-0 Bh6 15. d5 Bxd2+ 16. Rxd2 Nc5 17. a3 Qa5 18. Kb1 Na4 19. Na2 Ne5 20. b4 Qc7 21. Bd4 f6 22. Rc1 a5 23. c5 axb4 24. cxd6 Qxd6 25. Nxb4 Nxf3 26. Bxf3 c5 27. e5 fxe5 28. Ba1 cxb4 29. Re2 Nc3+ 30. Kc2 Nxe2 0-1

[Event "EU-ch Online U2300 Qual"]
[Site "Chess.com INT"]
[Date "2020.05.25"]
[Round "3"]
[White "Usanov, Maxim"]
[Black "Tymoshenko, Ihor"]
[Result "0-1"]
[WhiteElo "2093"]
[BlackElo "2306"]
[PlyCount "140"]
[EventDate "2020.05.25"]
[EventType "swiss"]
[EventRounds "8"]
[EventCountry "NET"]
[SourceTitle "EXT 2021"]
[Source "ChessBase"]
[SourceDate "2020.10.23"]
[SourceVersion "1"]
[SourceVersionDate "2020.10.23"]
[SourceQuality "1"]

1. c4 e6 2. e4 c5 3. Nf3 Nc6 4. Nc3 Nf6 5. e5 Ng4 6. d4 cxd4 7. Nxd4 Ngxe5 8. Be2 Be7 9. Be3 0-0 10. Nb3 a5 11. a4 Nb4 12. f4 Nec6 13. Bf3 d5 14. cxd5 exd5 15. 0-0 Bf6 16. Nxd5 Bxb2 17. Bb6 Qd7 18. Nc7 Rb8 19. Rb1 Bf6 20. g4 Bd8 21. Qxd7 Bxd7 22. Rbd1 Be6 23. Nc5 Bxc7 24. Bxc7 Rbc8 25. Nxe6 fxe6 26. Bd6 Rfd8 27. g5 g6 28. Bg4 Kf7 29. Rfe1 Re8 30. Bc5 Rcd8 31. Bb6 Rxd1 32. Rxd1 Nd5 33. Bc5 Rd8 34. Rb1 Rd7 35. Rf1 b6 36. Bf2 Nce7 37. Bd4 Nf5 38. Bxf5 exf5 39. Be5 Nb4 40. Rb1 Rb7 41. Rd1 b5 42. axb5 Rxb5 43. Rd7+ Ke6 44. Rxh7 Nc6 45. Rg7 Nxe5 46. fxe5 Kxe5 47. Rxg6 Kf4 48. h4 Kg3 49. Kf1 Kxh4 50. Kf2 Kh5 51. Rg8 Rb3 52. g6 Kh6 53. g7 Rb5 54. Kf3 Kh7 55. Ra8 Kxg7 56. Ra6 Kf7 57. Kf4 Ke7 58. Ke3 Kd7 59. Kd4 Kc7 60. Kc4 Re5 61. Kd4 Re4+ 62. Kd5 a4 63. Rf6 a3 64. Rxf5 a2 65. Rf1 Ra4 66. Ra1 Kb6 67. Kd6 Kb5 68. Kd5 Kb4 69. Kd4 Kb3+ 70. Kd3 Kb2 0-1